MARC

LEADER 00000nam0a2200000 4500
001 356315
005 20231102010901.0
035 |a (RuTPU)RU\TPU\retro\13575 
090 |a 356315 
100 |a 20200717d1922 km y0rusy50 ca 
101 0 |a rus 
102 |a RU 
105 |a a z 000zy 
200 1 |a Крепление горных выработок  |e с 103 рисунками  |f Л. Д. Шевяков 
210 |a Москва  |c [Б. и.]  |d 1922 
215 |a 50 с.  |c ил. 
225 1 |a Библиотека горнорабочего  |v № 2 
606 1 |a Рудничное крепление  |x Надежность  |2 stltpush  |3 (RuTPU)RU\TPU\subj\25545  |9 49674 
610 1 |a горные выработки 
610 1 |a крепежные материалы 
610 1 |a деревянные материалы 
610 1 |a каменные материалы 
610 1 |a очистные забои 
610 1 |a подготовительные выработки 
610 1 |a шахты 
610 1 |a камеры 
675 |a 622.281  |v 4 
700 1 |a Шевяков  |b Л. Д.  |c российский ученый в области горного дела  |f 1889-1963  |g Лев Дмитриевич  |2 stltpush  |3 (RuTPU)RU\TPU\pers\15099  |9 5188 
801 1 |a RU  |b 63413507  |c 20200717 
801 2 |a RU  |b 63413507  |c 20200916  |g RCR 
942 |c BK